| 000 | 00439nam a2200181Ia 4500 | ||
|---|---|---|---|
| 005 | 20250423095247.0 | ||
| 008 | 250422s9999 xx 000 0 und d | ||
| 020 | _a9780273713234 | ||
| 050 | _aHF 5415 .13 .W656/ | ||
| 100 | _aWood, Marian Burk | ||
| 245 | 0 | _aEssential guide to marketting planning | |
| 260 | _aEssex | ||
| 260 | _bPearson Prentice Hall | ||
| 260 | _c2007 | ||
| 300 | _a268 p | ||
| 650 | _aMarketing | ||
| 942 | _cBK | ||
| 999 |
_c29731 _d29731 |
||